| 000 | 00582nam a22002057a 4500 | ||
|---|---|---|---|
| 005 | 20260108093739.0 | ||
| 008 | 260108b |||||||| |||| 00| 0 eng d | ||
| 020 |
_a9780199263349 _qpbk |
||
| 041 | _aeng | ||
| 082 |
_a301 _bJAM |
||
| 100 | _aJames, Wendy | ||
| 245 |
_a The ceremonial animal : a new portrait of anthropology _cWendy James |
||
| 260 |
_aOxford _bOxford University Press _c2003 |
||
| 300 |
_a384 p. _c23 cm. |
||
| 504 | _aindex | ||
| 650 | _aEthnology Methodology | ||
| 650 | _aPhilosophical anthropology | ||
| 650 | _aEthnology Philosophy | ||
| 942 | _cENGLISH | ||
| 999 |
_c607554 _d607554 |
||